000
00279nam a22001337a 4500
008
170616b xxu||||| |||| 00| 0 eng d
020
_a
041
_a
eng
080
_a
93
100
_a
20
101
_a
SHP
245
_a
THE MARKET REVOLUTION
_c
SELLERS, CH
942
_2
udc
_c
BK
999
_c
17835
_d
17835